000 00335nam a2200145 i 4500
001 bg
100 1 _aWENGEREK, Edmund
245 0 _aOrganizacja usługi prawnej /
_cEdmund Wengerek.
250 _aWyd.2.
260 _aWarszawa,
_c1978.
040 _cBPK
041 _apol
942 _cKS
008 s pl f |000 0 pol
999 _c17903
_d17903
856 _uhttp://koha.tu.koszalin.pl/cgi-bin/koha/opac-detail.pl?biblionumber=17903
_yKatalog online BPK